[Event "TCh-FRA Top 16 GpB 2023"]
[Site "Chartres FRA"]
[Date "2023.06.05"]
[Round "5.3"]
[Board "6"]
[White "Girel, Joseph"]
[Black "Migot, Tangi"]
[Result "1-0"]
[WhiteTitle "IM"]
[BlackTitle "IM"]
[WhiteElo "2413"]
[BlackElo "2373"]
[WhiteTeam "Marseille Echecs"]
[BlackTeam "Metz Fischer"]
[WhiteFideId "36033561"]
[BlackFideId "662445"]
[EventDate "2023.06.01"]

1. d4 Nf6 2. c4 g6 3. Nc3 Bg7 4. Nf3 O-O 5. e4 d6 6. h3 c5 7. d5 e6 8. Bd3 exd5
9. cxd5 a6 10. a4 Nbd7 11. O-O Nh5 12. Be2 Re8 13. Bg5 Qb6 14. Ra3 Rb8 15. Nd2
Nhf6 16. Bf4 Qc7 17. Bh2 b6 18. Qc2 Bb7 19. Nc4 Bf8 20. f4 Ba8 21. Rb3 Nxe4 22.
Nxe4 b5 23. axb5 axb5 24. Ne3 c4 25. Ra3 b4 26. Rxa8 Rxa8 27. Nxc4 b3 28. Qd3 f5
29. Ng5 Nc5 30. Qd2 Ra4 31. Kh1 h6 32. Ne6 Nxe6 33. dxe6 Rxc4 34. e7 Rc2 35.
Qd5+ Kg7 36. Qd4+ Kh7 37. exf8=Q Rxf8 38. Bf3 Rc1 39. Rxc1 Qxc1+ 40. Bg1 Qc7 41.
Bd5 Re8 42. Bxb3 Re1 43. Bd5 Qc5 44. Qxc5 dxc5 45. Kh2 c4 46. Bxc4 Re4 47. Bd5
Rxf4 48. Bc5 Rf1 49. b4 Rc1 50. Bf8 Rc8 51. Bc5 f4 52. Bb7 Rc7 53. Bf3 g5 54.
Bg1 Rc1 55. b5 Rb1 56. Be4+ 1-0

[Event "TCh-FRA Top 16 GpB 2023"]
[Site "Chartres FRA"]
[Date "2023.06.05"]
[Round "5.3"]
[Board "7"]
[White "Pucher, Olivier"]
[Black "Lamaze, Simon"]
[Result "0-1"]
[WhiteTitle "FM"]
[BlackTitle "FM"]
[WhiteElo "2281"]
[BlackElo "2377"]
[WhiteTeam "Metz Fischer"]
[BlackTeam "Marseille Echecs"]
[WhiteFideId "620203"]
[BlackFideId "36069264"]
[EventDate "2023.06.01"]

1. c4 Nf6 2. Nf3 g6 3. Nc3 Bg7 4. g3 d6 5. Bg2 O-O 6. O-O c5 7. d4 Nc6 8. h3 Bd7
9. Be3 b6 10. Qd2 Rc8 11. b3 Re8 12. Rad1 Rb8 13. Qc1 Qc8 14. Kh2 a6 15. Bh6
cxd4 16. Bxg7 Kxg7 17. Nxd4 Nxd4 18. Rxd4 b5 19. Rh4 h5 20. Qg5 Qc5 21. Qd2 Be6
22. cxb5 axb5 23. e3 Rec8 24. Rc1 Qa3 25. Rd4 Rc5 26. Ne2 Rbc8 27. Rxc5 dxc5 28.
Rd3 Bf5 29. Rc3 Ne4 30. Bxe4 Bxe4 31. Nc1 Qa8 32. f4 Rd8 33. Qb2 f6 34. Ne2 Qd5
35. Qc1 0-1

[Event "TCh-FRA Top 16 GpB 2023"]
[Site "Chartres FRA"]
[Date "2023.06.05"]
[Round "5.3"]
[Board "8"]
[White "Delorme, Laurie"]
[Black "Schippke, Manon"]
[Result "0-1"]
[WhiteTitle "WIM"]
[BlackTitle "WFM"]
[WhiteElo "2086"]
[BlackElo "2097"]
[WhiteTeam "Marseille Echecs"]
[BlackTeam "Metz Fischer"]
[WhiteFideId "630829"]
[BlackFideId "45100446"]
[EventDate "2023.06.01"]

1. d4 Nf6 2. c4 g6 3. Nc3 Bg7 4. Nf3 O-O 5. Bg5 c5 6. d5 h6 7. Bh4 a6 8. a4 d6
9. e3 Qa5 10. Nd2 Bf5 11. f3 g5 12. Bf2 Nbd7 13. e4 Bg6 14. Be2 Nh5 15. g3 e6
16. O-O Rae8 17. Ra3 Nhf6 18. h3 Qc7 19. Be3 exd5 20. cxd5 b6 21. Bxa6 Ne5 22.
Bb5 Re7 23. f4 gxf4 24. gxf4 Ned7 25. Qf3 Kh7 26. Kh1 c4 27. Bxc4 Nxe4 28. Ncxe4
Bxe4 29. Nxe4 Qxc4 30. Nxd6 Qc2 31. Qf2 Qg6 32. Nc4 Qe4+ 33. Qg2 Qxc4 34. Rc1
Qb4 35. Rg1 Qxb2 36. Qxb2 Bxb2 37. Rb3 Rxe3 38. Rxe3 Bd4 39. Re7 Bxg1 40. Kxg1
Nf6 41. d6 Kg6 42. Rb7 Nd5 43. Kf2 Rd8 44. d7 Kf5 45. Kf3 Ke6 46. a5 bxa5 47.
Ra7 Rxd7 48. Rxa5 Kf5 49. Ra6 Nf6 50. Ra5+ Rd5 51. Ra7 Kg6 52. h4 Rd3+ 53. Kg2
Nd5 54. f5+ Kg7 0-1

[Event "TCh-FRA Top 16 GpB 2023"]
[Site "Chartres FRA"]
[Date "2023.06.05"]
[Round "5.4"]
[Board "1"]
[White "Tranchant, Sebastien"]
[Black "Cheng, Bobby"]
[Result "0-1"]
[WhiteTitle "FM"]
[BlackTitle "GM"]
[WhiteElo "2292"]
[BlackElo "2560"]
[WhiteTeam "Poitiers-Migne Echecs"]
[BlackTeam "THF - St Quentin"]
[WhiteFideId "626732"]
[BlackFideId "4300033"]
[EventDate "2023.06.01"]

1. d4 Nf6 2. c4 e6 3. Nc3 Bb4 4. e3 O-O 5. Ne2 Re8 6. a3 Bf8 7. d5 a5 8. Ng3 Na6
9. Be2 Nc5 10. b3 exd5 11. cxd5 c6 12. Rb1 b5 13. Bf3 b4 14. Nce2 cxd5 15. axb4
Nce4 16. O-O Bxb4 17. Ra1 Ba6 18. Nf4 Bxf1 19. Nxf1 d4 20. exd4 Rc8 21. d5 Bc5
22. Nd3 Bd4 23. Bb2 Nxf2 0-1

[Event "TCh-FRA Top 16 GpB 2023"]
[Site "Chartres FRA"]
[Date "2023.06.05"]
[Round "5.4"]
[Board "2"]
[White "Kulaots, Kaido"]
[Black "Picard, Romain"]
[Result "1/2-1/2"]
[WhiteTitle "GM"]
[BlackTitle "IM"]
[WhiteElo "2509"]
[BlackElo "2301"]
[WhiteTeam "THF - St Quentin"]
[BlackTeam "Poitiers-Migne Echecs"]
[WhiteFideId "4500261"]
[BlackFideId "627216"]
[EventDate "2023.06.01"]

1. e4 e6 2. d4 d5 3. Nc3 Nf6 4. Bg5 h6 5. Bxf6 Qxf6 6. exd5 Bb4 7. Bb5+ Bd7 8.
Bxd7+ Nxd7 9. dxe6 Qxe6+ 10. Qe2 Bxc3+ 11. bxc3 Qxe2+ 12. Nxe2 Nb6 13. O-O-O
O-O-O 14. Rhe1 Rd5 15. Nf4 Ra5 16. Kb1 Rd8 17. Ka1 Ra3 1/2-1/2

[Event "TCh-FRA Top 16 GpB 2023"]
[Site "Chartres FRA"]
[Date "2023.06.05"]
[Round "5.4"]
[Board "3"]
[White "Salles, Louis"]
[Black "Chabanon, Jean-Luc"]
[Result "1/2-1/2"]
[WhiteTitle "FM"]
[BlackTitle "GM"]
[WhiteElo "2295"]
[BlackElo "2435"]
[WhiteTeam "Poitiers-Migne Echecs"]
[BlackTeam "THF - St Quentin"]
[WhiteFideId "20641826"]
[BlackFideId "600075"]
[EventDate "2023.06.01"]

1. e4 e5 2. Nf3 Nc6 3. Bc4 Nf6 4. d4 exd4 5. e5 d5 6. Bb5 Ne4 7. Nxd4 Bd7 8.
Bxc6 bxc6 9. O-O Bc5 10. f3 Ng5 11. Be3 O-O 12. f4 Ne4 13. Nd2 Nxd2 14. Qxd2 Re8
15. Rae1 Bb6 16. Nb3 Bf5 17. Qc3 Qd7 18. Bc5 Re6 19. Nd4 Rg6 20. Rf2 Re8 21. a4
a5 22. b4 Ra8 23. Rb1 h5 24. b5 cxb5 25. Rxb5 h4 26. e6 fxe6 27. Bxb6 cxb6 28.
Rxb6 e5 29. Rxg6 Bxg6 30. fxe5 Qxa4 31. e6 Qb4 32. Qe3 Re8 33. c3 Qb1+ 34. Rf1
Qe4 35. Qxe4 Bxe4 36. Ra1 Kh7 37. Rxa5 Kg6 38. g3 hxg3 39. hxg3 Kf6 40. Ra7 Bg6
41. Rc7 Re7 42. Rc5 Re8 43. Kf2 Ke5 44. Rc7 Bf5 45. Rxg7 Bxe6 46. Ke3 Kf6 47.
Ra7 Bh3+ 48. Kf3 Rc8 49. Ra3 Kg5 50. Nc2 Rf8+ 51. Ke3 Kg4 52. Kd4 Kxg3 53. Nb4
Rf4+ 54. Kxd5 Bg2+ 55. Kc5 Bf1 56. Nd5 Rc4+ 57. Kd6 Kf2 58. Nb6 Rh4 59. Kc5 Be2
60. c4 Bxc4 61. Nxc4 Rh8 62. Nd6 Rd8 63. Ne4+ Ke2 64. Kc4 Rc8+ 65. Nc5 Kf2 66.
Rc3 Ke2 67. Rh3 Kf2 68. Rh5 Ke3 69. Kc3 Kf4 70. Rd5 Ke3 71. Re5+ Kf4 72. Re4+
Kf5 73. Rc4 Rd8 74. Nd3 Rd7 75. Rf4+ Kg5 76. Rf8 Ra7 77. Nc5 Ra1 78. Kd4 Kg6 79.
Ne4 Ra4+ 80. Ke3 Ra1 81. Rf6+ Kg7 82. Rb6 Rf1 83. Ng3 Rg1 84. Kf4 Kf7 85. Ne4
Rf1+ 86. Ke5 Kg7 87. Rb7+ Kg6 88. Rb8 Ra1 89. Rg8+ Kf7 90. Rb8 Re1 91. Rb6 Kg7
92. Rb2 Kf7 93. Rg2 Re3 94. Rg1 Re2 95. Kf5 Ra2 96. Ng5+ Ke7 97. Rd1 Ra5+ 98.
Kg6 Ra6+ 99. Kg7 Ra2 100. Re1+ 1/2-1/2

[Event "TCh-FRA Top 16 GpB 2023"]
[Site "Chartres FRA"]
[Date "2023.06.05"]
[Round "5.4"]
[Board "4"]
[White "Godart, Francois"]
[Black "Lucas, Arthur"]
[Result "1/2-1/2"]
[WhiteTitle "IM"]
[BlackTitle "IM"]
[WhiteElo "2387"]
[BlackElo "2326"]
[WhiteTeam "THF - St Quentin"]
[BlackTeam "Poitiers-Migne Echecs"]
[WhiteFideId "208078"]
[BlackFideId "26093073"]
[EventDate "2023.06.01"]

1. e4 e5 2. Nf3 Nf6 3. Nc3 Nc6 4. d4 exd4 5. Nxd4 Nxe4 6. Nxe4 Qe7 7. f3 d5 8.
Nxc6 bxc6 9. Qe2 dxe4 10. Qxe4 Bf5 11. Qxe7+ Bxe7 12. Be3 O-O-O 13. c3 Kb7 14.
Bc4 f6 15. Kf2 Bd3 16. Bxd3 Rxd3 17. Rad1 Rhd8 18. Rxd3 Rxd3 19. g4 c5 20. c4
Kc6 21. Re1 Rd7 22. Bf4 Bd6 23. Re6 Re7 24. Rxe7 Bxe7 25. h3 Bd6 26. Bc1 Be5 27.
Ke3 g6 28. Ke4 Kd6 29. f4 Bd4 30. b4 f5+ 1/2-1/2

[Event "TCh-FRA Top 16 GpB 2023"]
[Site "Chartres FRA"]
[Date "2023.06.05"]
[Round "5.4"]
[Board "5"]
[White "Mariette, Lucas"]
[Black "Dionisi, Thomas"]
[Result "1-0"]
[WhiteTitle "FM"]
[BlackTitle "IM"]
[WhiteElo "2284"]
[BlackElo "2395"]
[WhiteTeam "Poitiers-Migne Echecs"]
[BlackTeam "THF - St Quentin"]
[WhiteFideId "26056526"]
[BlackFideId "651893"]
[EventDate "2023.06.01"]

1. e4 e5 2. Nf3 Nc6 3. Bb5 a6 4. Ba4 d6 5. c3 f5 6. exf5 Bxf5 7. O-O Bd3 8. Re1
Be7 9. Bc2 Bxc2 10. Qxc2 Nf6 11. d4 e4 12. Ng5 d5 13. f3 h6 14. Nh3 O-O 15. Nd2
exf3 16. Nxf3 Qd7 17. Qg6 Qg4 18. Qxg4 Nxg4 19. Nf4 Rfd8 20. Ne6 Rd7 21. Bf4 Rc8
22. Re2 Nf6 23. Ne5 Nxe5 24. Bxe5 Kf7 25. Rf1 c6 26. g4 Kg8 27. Kh1 Ne8 28. h4
Bd6 29. g5 hxg5 30. hxg5 Rf7 31. Ref2 Rxf2 32. Rxf2 Nc7 33. Bxd6 Nxe6 34. g6 Rd8
35. Be7 Re8 36. Rf7 Nf4 37. Bd6 Nxg6 38. Rxb7 Re6 39. Bg3 Kh7 40. Kg2 Kh6 41.
Kf3 Ne7 42. Ra7 Kh5 43. Rxa6 g5 44. Ra8 Rf6+ 45. Kg2 Kg4 46. Re8 Nf5 47. Bf2 Kf4
48. Re2 Rf7 49. a4 Ra7 50. b3 g4 51. Re6 g3 52. Bg1 Rh7 53. a5 Nh4+ 54. Kf1 Nf5
55. Rf6 Re7 56. a6 Kg4 57. b4 Kf4 58. Rxc6 Kf3 59. Rg6 Re2 60. a7 Ra2 61. Ke1
Rxa7 62. Kd2 Ra1 63. Rf6 Kg4 64. Be3 g2 65. Bf2 Ra2+ 66. Ke1 Ra1+ 67. Kd2 Ra2+
68. Ke1 Rb2 69. Rf8 Kf4 70. Bg1 Ke4 71. Rf7 Rb1+ 72. Kf2 Rf1+ 73. Kxg2 Ne3+ 74.
Bxe3 Rxf7 75. Bf2 Kd3 76. Be1 Rf8 77. Kg1 Rf3 78. Kg2 Rf8 79. Kg1 Re8 80. Kf1
Re6 81. Kf2 Rf6+ 82. Kg2 Rh6 83. Kg1 Ke2 84. Bg3 Rg6 85. Kh2 Kd2 86. b5 Rb6 87.
Kg2 Rxb5 88. Kf3 Kxc3 89. Be5 Kc4 90. Ke3 Kc3 91. Ke2 Rb1 92. Bf6 Rb2+ 93. Ke3
Rh2 94. Be5 Kc2 95. Bxh2 1-0

[Event "TCh-FRA Top 16 GpB 2023"]
[Site "Chartres FRA"]
[Date "2023.06.05"]
[Round "5.4"]
[Board "6"]
[White "Marcelin, Cyril"]
[Black "Saada, Julien"]
[Result "1-0"]
[WhiteTitle "GM"]
[BlackTitle "FM"]
[WhiteElo "2443"]
[BlackElo "2245"]
[WhiteTeam "THF - St Quentin"]
[BlackTeam "Poitiers-Migne Echecs"]
[WhiteFideId "607274"]
[BlackFideId "625388"]
[EventDate "2023.06.01"]

1. e4 c6 2. Nf3 d5 3. exd5 cxd5 4. d4 Nf6 5. c3 Nc6 6. Ne5 e6 7. Bd3 Bd6 8. f4
Bd7 9. O-O Ne7 10. Qe2 g6 11. Nd2 h5 12. Ndf3 Nf5 13. Be3 Be7 14. Ng5 O-O 15.
Bf2 Ne8 16. h3 Bc6 17. Ngf3 Kg7 18. g4 hxg4 19. hxg4 Nfd6 20. Kg2 Nf6 21. Ng5
Qe8 22. a4 Nfe4 23. Be3 Bxg5 24. fxg5 Bxa4 25. Bf4 Bb5 26. c4 Ba6 27. c5 Bxd3
28. Nxd3 Nb5 29. Be5+ Kg8 30. Bf6 Nxf6 31. gxf6 Nxd4 32. Qe3 e5 33. Qh6 1-0

[Event "TCh-FRA Top 16 GpB 2023"]
[Site "Chartres FRA"]
[Date "2023.06.05"]
[Round "5.4"]
[Board "7"]
[White "Lambert, Romain"]
[Black "Housieaux, David"]
[Result "1-0"]
[BlackTitle "IM"]
[WhiteElo "2201"]
[BlackElo "2397"]
[WhiteTeam "Poitiers-Migne Echecs"]
[BlackTeam "THF - St Quentin"]
[WhiteFideId "658111"]
[BlackFideId "617938"]
[EventDate "2023.06.01"]

1. d4 Nf6 2. c4 g6 3. Nc3 Bg7 4. e4 O-O 5. Nf3 d6 6. Be2 e5 7. Be3 h6 8. dxe5
Ng4 9. Bf4 Nxe5 10. Qd2 Kh7 11. h4 Be6 12. O-O-O Nbc6 13. Nd5 Nxf3 14. gxf3 Nd4
15. h5 g5 16. Be3 c5 17. f4 Bxd5 18. exd5 gxf4 19. Bd3+ f5 20. Bxf4 Qf6 21. Rh3
Rg8 22. Rg1 Bf8 23. Rxg8 Kxg8 24. Rg3+ Kh7 25. Be3 Kh8 26. Rg6 Qh4 27. Bxd4+
Qxd4 28. Bxf5 Qxc4+ 29. Qc3+ Qxc3+ 30. bxc3 Bg7 31. Rxd6 Rf8 32. Be4 Rxf2 33.
Rd8+ Rf8 34. Rd7 b5 35. Rxa7 Bxc3 36. Rh7+ Kg8 37. Rxh6 Bf6 38. Rg6+ Kf7 39. h6
Re8 40. Rg4 Ra8 41. d6 Rh8 42. Bd5+ Ke8 43. Be6 Be7 44. dxe7 Rxh6 45. Re4 Kxe7
46. Bc4+ Kd6 47. Bxb5 Kd5 48. Rg4 Rh1+ 49. Kc2 Rh2+ 50. Kc3 Rh3+ 51. Bd3 Kc6 52.
Kc4 Kb6 53. Rg6+ Ka5 54. Kc3 c4 55. Kxc4 Rh4+ 56. Kc3 Rh6 57. Rxh6 1-0

[Event "TCh-FRA Top 16 GpB 2023"]
[Site "Chartres FRA"]
[Date "2023.06.05"]
[Round "5.4"]
[Board "8"]
[White "Monpeurt, Cyrielle"]
[Black "Leriche, Ines"]
[Result "1/2-1/2"]
[WhiteTitle "WFM"]
[WhiteElo "2147"]
[BlackElo "1917"]
[WhiteTeam "THF - St Quentin"]
[BlackTeam "Poitiers-Migne Echecs"]
[WhiteFideId "677400"]
[BlackFideId "684090"]
[EventDate "2023.06.01"]

1. e4 c6 2. d4 d5 3. e5 c5 4. c3 Nc6 5. Ne2 e6 6. g3 Nge7 7. Bh3 Nf5 8. O-O Be7
9. Be3 O-O 10. Nd2 Bd7 11. Nf3 Qc7 12. Nf4 Nxe3 13. fxe3 Rae8 14. Nd2 Bd8 15.
Qg4 Ne7 16. Nh5 Ng6 17. Nf3 Bb5 18. Rf2 Bd3 19. Nh4 Qe7 20. Bf1 Bxf1 21. Raxf1
Qg5 22. Qxg5 Bxg5 23. Ng2 Rc8 24. h4 Be7 25. Ne1 Rc7 26. Nd3 c4 27. Ne1 b5 28.
a3 a5 29. Nf3 Rb8 30. Nd2 Bf8 31. e4 b4 32. axb4 axb4 33. Ra1 bxc3 34. bxc3 Rcb7
35. Ra5 Rb5 36. Ra7 R8b7 37. Ra8 Rb8 38. Ra7 R8b7 39. Ra8 Rb8 40. Ra7 1/2-1/2

[Event "TCh-FRA Top 16 GpB 2023"]
[Site "Chartres FRA"]
[Date "2023.06.06"]
[Round "6.1"]
[Board "1"]
[White "Maghsoodloo, Parham"]
[Black "Cheng, Bobby"]
[Result "1-0"]
[WhiteTitle "GM"]
[BlackTitle "GM"]
[WhiteElo "2716"]
[BlackElo "2560"]
[WhiteTeam "Clichy Echecs 92"]
[BlackTeam "THF - St Quentin"]
[WhiteFideId "12539929"]
[BlackFideId "4300033"]
[EventDate "2023.06.01"]

1. c4 e6 2. Nc3 d5 3. d4 Nf6 4. cxd5 exd5 5. Bg5 Bb4 6. e3 h6 7. Bh4 g5 8. Bg3
Ne4 9. Qc2 Bf5 10. Bd3 Nc6 11. Ne2 Qd7 12. a3 Nxg3 13. hxg3 Bxd3 14. Qxd3 Bxc3+
15. Nxc3 Ne7 16. O-O-O O-O-O 17. Kb1 Kb8 18. Qc2 h5 19. Rh3 Ng8 20. g4 h4 21. f3
Nh6 22. e4 dxe4 23. Nxe4 Qd5 24. Nc3 Qe6 25. d5 Qg6 26. Qxg6 fxg6 27. Re1 Rhe8
28. Re6 Rg8 29. Rh1 Nf7 30. Ne4 Kc8 31. Rc1 Rge8 32. Nf6 Rh8 33. Re7 Nd6 34.
Rcxc7+ Kb8 35. Rg7 Ka8 36. Rxg6 h3 37. gxh3 Nb5 38. Rh7 Rhf8 39. Rd7 Rc8 40. d6
a5 41. Rxg5 1-0

[Event "TCh-FRA Top 16 GpB 2023"]
[Site "Chartres FRA"]
[Date "2023.06.06"]
[Round "6.1"]
[Board "2"]
[White "Brochet, Philippe"]
[Black "Van Foreest, Jorden"]
[Result "0-1"]
[WhiteTitle "IM"]
[BlackTitle "GM"]
[WhiteElo "2399"]
[BlackElo "2695"]
[WhiteTeam "THF - St Quentin"]
[BlackTeam "Clichy Echecs 92"]
[WhiteFideId "602469"]
[BlackFideId "1039784"]
[EventDate "2023.06.01"]

1. e4 c5 2. c3 Nf6 3. e5 Nd5 4. Bc4 Nb6 5. Bb3 c4 6. Bc2 d6 7. Nf3 dxe5 8. Nxe5
Qd5 9. Qe2 Qxg2 10. Be4 Qh3 11. Nxc4 Nxc4 12. Qxc4 Nd7 13. Na3 a6 14. d4 g6 15.
Be3 Bg7 16. O-O-O Nf6 17. Bc6+ Kf8 18. Ba4 Bh6 19. Rhe1 Be6 20. d5 Rc8 21. Qb4
Bxd5 22. Kb1 Bxe3 23. Rxe3 Qxh2 24. c4 Be4+ 25. Ka1 Qxf2 26. Rde1 Nd5 27. cxd5
Qxe3 28. Bc2 Qxe1+ 29. Qxe1 Bxc2 30. b3 b5 31. Qe5 f6 32. Qe6 Bf5 33. Qxa6 Kf7
34. Nxb5 Rhd8 35. d6 Rc2 36. Qb7 Rd7 37. Qd5+ Kg7 38. a4 exd6 39. Nxd6 Re7 40.
Nxf5+ gxf5 41. Qd1 Ree2 42. Kb1 Rb2+ 43. Kc1 Ra2 44. Qd7+ Kh6 0-1

[Event "TCh-FRA Top 16 GpB 2023"]
[Site "Chartres FRA"]
[Date "2023.06.06"]
[Round "6.1"]
[Board "3"]
[White "Amin, Bassem"]
[Black "Godart, Francois"]
[Result "1-0"]
[WhiteTitle "GM"]
[BlackTitle "IM"]
[WhiteElo "2690"]
[BlackElo "2387"]
[WhiteTeam "Clichy Echecs 92"]
[BlackTeam "THF - St Quentin"]
[WhiteFideId "10601457"]
[BlackFideId "208078"]
[EventDate "2023.06.01"]

1. Nf3 c5 2. g3 d5 3. Bg2 Nf6 4. O-O Nc6 5. d4 e6 6. c4 dxc4 7. Ne5 Bd7 8. Na3
cxd4 9. Naxc4 Be7 10. Qb3 Qc7 11. Nxc6 Bxc6 12. Bf4 Qc8 13. Rac1 O-O 14. Na5 Nd5
15. Be5 Qd7 16. Nxc6 bxc6 17. Qa4 Rad8 18. Qxc6 Bf6 19. Bxf6 Nxf6 20. Qc5 Qa4
21. Qc4 Qxc4 22. Rxc4 Rd7 23. Rd1 Rfd8 24. b4 e5 25. Bc6 Rd6 26. b5 Nd5 27. a4
Nb6 28. Rc5 Nxa4 29. Rxe5 a6 30. Ra1 axb5 31. Bxb5 Nc3 32. Bd3 Kf8 33. Kf1 Re8
34. Rc5 h6 35. Ra7 Rde6 36. Rc4 Rd6 37. Rcc7 Rf6 38. Bc4 1-0

[Event "TCh-FRA Top 16 GpB 2023"]
[Site "Chartres FRA"]
[Date "2023.06.06"]
[Round "6.1"]
[Board "5"]
[White "Gharamian, Tigran"]
[Black "Dionisi, Thomas"]
[Result "1-0"]
[WhiteTitle "GM"]
[BlackTitle "IM"]
[WhiteElo "2601"]
[BlackElo "2395"]
[WhiteTeam "Clichy Echecs 92"]
[BlackTeam "THF - St Quentin"]
[WhiteFideId "13301527"]
[BlackFideId "651893"]
[EventDate "2023.06.01"]

1. e4 e5 2. Nf3 Nc6 3. Bb5 a6 4. Ba4 Nf6 5. d3 d6 6. c3 g6 7. O-O Bg7 8. Re1 O-O
9. Nbd2 Re8 10. h3 h6 11. d4 b5 12. Bb3 Bb7 13. Bc2 d5 14. dxe5 Nxe5 15. Nxe5
Rxe5 16. f4 Re8 17. e5 Nd7 18. Nf3 Nc5 19. Be3 Ne4 20. Nd2 Qe7 21. Nxe4 dxe4 22.
Qe2 c5 23. Rad1 Rad8 24. Rxd8 Rxd8 25. Qf2 Bf8 26. a3 a5 27. Qg3 Kh7 28. Rf1 f5
29. exf6 Qxf6 30. f5 Bd6 31. fxg6+ Qxg6 32. Qh4 Rg8 33. g4 Rf8 34. Rxf8 Bxf8 35.
Qf2 Bg7 36. Bxc5 Qg5 37. Be3 Qd5 38. Bd4 Qe6 39. Qf4 Bxd4+ 40. cxd4 Kg7 41. Qc7+
Qf7 42. Qxf7+ Kxf7 43. Kf2 1-0

[Event "TCh-FRA Top 16 GpB 2023"]
[Site "Chartres FRA"]
[Date "2023.06.06"]
[Round "6.1"]
[Board "6"]
[White "Heinz, Timothee"]
[Black "Libiszewski, Fabien"]
[Result "1/2-1/2"]
[WhiteTitle "FM"]
[BlackTitle "GM"]
[WhiteElo "2367"]
[BlackElo "2498"]
[WhiteTeam "THF - St Quentin"]
[BlackTeam "Clichy Echecs 92"]
[WhiteFideId "623369"]
[BlackFideId "616834"]
[EventDate "2023.06.01"]

1. d4 Nf6 2. Nf3 g6 3. Bf4 Bg7 4. e3 O-O 5. h3 d6 6. Be2 Nbd7 7. O-O b6 8. a4 a5
9. Nc3 Bb7 10. Qd3 Re8 11. Rad1 Qc8 12. Bh2 Ba6 13. Qd2 Bb7 14. Qd3 Ba6 1/2-1/2

[Event "TCh-FRA Top 16 GpB 2023"]
[Site "Chartres FRA"]
[Date "2023.06.06"]
[Round "6.1"]
[Board "7"]
[White "Delorme, Axel"]
[Black "Monpeurt, Cyrielle"]
[Result "1-0"]
[WhiteTitle "GM"]
[BlackTitle "WFM"]
[WhiteElo "2483"]
[BlackElo "2147"]
[WhiteTeam "Clichy Echecs 92"]
[BlackTeam "THF - St Quentin"]
[WhiteFideId "632023"]
[BlackFideId "677400"]
[EventDate "2023.06.01"]

1. d4 Nf6 2. g3 g6 3. Bg2 Bg7 4. e4 d6 5. Nc3 O-O 6. Nge2 c6 7. O-O Nbd7 8. a4
Qc7 9. a5 e5 10. h3 Rb8 11. Be3 b5 12. axb6 axb6 13. d5 Bb7 14. Qd2 Ra8 15. dxc6
Qxc6 16. Rad1 Nc5 17. Qxd6 Ncxe4 18. Nxe4 Nxe4 19. Qd7 f5 20. Nc3 Qxd7 21. Rxd7
Bc6 22. Rc7 Rac8 23. Rxc8 Rxc8 24. Nxe4 fxe4 25. Re1 Ra8 26. c4 Ra4 27. b3 Rb4
28. Rd1 Bf8 29. Rd8 Kf7 30. Rc8 Bd7 31. Rc7 Ke8 32. Bxe4 Rxb3 33. h4 Bd6 34. Rb7
Rc3 35. Bd5 b5 36. cxb5 Rd3 37. Be4 Rb3 38. b6 Rb4 39. f3 Rb3 40. Bf2 Rb2 41.
Ra7 Rxf2 42. Ra8+ Kf7 43. Kxf2 Bc5+ 44. Kg2 Bxb6 45. Rh8 1-0

[Event "TCh-FRA Top 16 GpB 2023"]
[Site "Chartres FRA"]
[Date "2023.06.06"]
[Round "6.1"]
[Board "8"]
[White "Bitbol-Delaveyne, Maelan"]
[Black "Benmesbah, Natacha"]
[Result "0-1"]
[BlackTitle "WIM"]
[WhiteElo "2088"]
[BlackElo "2279"]
[WhiteTeam "THF - St Quentin"]
[BlackTeam "Clichy Echecs 92"]
[WhiteFideId "20686242"]
[BlackFideId "642002"]
[EventDate "2023.06.01"]

1. Nf3 Nf6 2. g3 g6 3. Bg2 Bg7 4. c4 O-O 5. d4 d6 6. Nc3 Nc6 7. O-O e5 8. dxe5
dxe5 9. Bg5 Be6 10. Qa4 Qe8 11. Bxf6 Bxf6 12. Nd2 Bg7 13. Nde4 Nd4 14. Qxe8
Rfxe8 15. e3 Bxc4 16. Rfc1 Ne6 17. Nd2 Ba6 18. Nd5 Rad8 19. Nb3 e4 20. Nxc7 Nxc7
21. Rxc7 Bxb2 22. Re1 Be5 23. Rcc1 b6 24. Bxe4 Bb2 25. Bc6 Bxc1 26. Bxe8 Bb2 27.
Bc6 Bc4 28. Rb1 Bg7 29. a4 Rd3 30. Nd4 Bxd4 31. exd4 Rxd4 32. a5 bxa5 33. Ra1
Bd5 34. Bxd5 Rxd5 35. Rc1 a4 36. Ra1 Ra5 37. Ra3 Kf8 38. Kf1 Ke7 39. Ke2 Kd6 40.
Kd3 Kc5 41. Kc3 Ra6 42. Kb2 Kb4 43. Rf3 a3+ 44. Ka2 f5 45. g4 fxg4 46. Rf4+ Kc3
47. Rxg4 Ra5 48. Re4 Rf5 49. f4 Rf7 50. Re3+ Kd4 51. Rh3 Ke4 52. Kxa3 Kxf4 53.
Kb4 Rc7 54. Kb3 Kg4 55. Rg3+ Kh4 56. Rd3 g5 57. Rd6 h5 58. Rd3 g4 59. Rd5 Rh7
60. Rd3 Rf7 61. Rd2 g3 62. Kc3 Rc7+ 63. Kb4 gxh2 64. Rxh2+ Kg4 0-1

[Event "TCh-FRA Top 16 GpB 2023"]
[Site "Chartres FRA"]
[Date "2023.06.06"]
[Round "6.2"]
[Board "1"]
[White "Banusz, Tamas"]
[Black "Salles, Louis"]
[Result "1/2-1/2"]
[WhiteTitle "GM"]
[BlackTitle "FM"]
[WhiteElo "2614"]
[BlackElo "2295"]
[WhiteTeam "Marseille Echecs"]
[BlackTeam "Poitiers-Migne Echecs"]
[WhiteFideId "722413"]
[BlackFideId "20641826"]
[EventDate "2023.06.01"]

1. Nf3 d5 2. d4 Nf6 3. Bf4 e6 4. e3 c5 5. c3 Bd6 6. Bb5+ Nc6 7. Bg3 O-O 8. Nbd2
Be7 9. dxc5 Bxc5 10. O-O Qb6 11. c4 a6 12. Bxc6 bxc6 13. Qc2 Be7 14. Rac1 a5 15.
cxd5 cxd5 16. Qc7 Qxc7 17. Rxc7 Re8 18. Rfc1 Ba6 19. h3 Rec8 20. Nd4 Ne8 21.
Rxc8 Rxc8 22. Rxc8 Bxc8 23. Nc6 Bf6 24. b3 Bd7 25. Ne5 Bxe5 26. Bxe5 f6 27. Bb8
a4 28. Kf1 Kf7 29. Ke2 Bb5+ 30. Kd1 Ke7 31. Kc2 Kd7 32. b4 Kc6 33. Bh2 e5 34. f4
e4 35. f5 g6 36. fxg6 hxg6 37. Kc3 Ng7 38. g4 Ne6 39. Bb8 d4+ 40. exd4 Kd5 41.
h4 Nxd4 42. h5 gxh5 43. gxh5 e3 44. Nb1 Ne2+ 45. Kc2 Nd4+ 46. Kc3 Ne2+ 47. Kc2
Nd4+ 1/2-1/2